A Study of Academic Achievement of Secondary School Students in Relation to their Educational Aspiration (Record no. 29391)
[ view plain ]
| 000 -LEADER | |
|---|---|
| fixed length control field | 00299nam a22001097a 4500 |
| 003 - CONTROL NUMBER IDENTIFIER | |
| control field | SGT |
| 082 ## - DEWEY DECIMAL CLASSIFICATION NUMBER | |
| Classification number | 370,PRE |
| 100 ## - MAIN ENTRY--PERSONAL NAME | |
| Personal name | Preeti Sahu-211001004 |
| 245 ## - TITLE STATEMENT | |
| Title | A Study of Academic Achievement of Secondary School Students in Relation to their Educational Aspiration |
| 260 ## - PUBLICATION, DISTRIBUTION, ETC. (IMPRINT) | |
| Year of Publication | 2021 |
| 942 ## - ADDED ENTRY ELEMENTS (KOHA) | |
| Source of classification or shelving scheme | Dewey Decimal Classification |
| Koha item type | Thesis/Dissertation |
| Withdrawn status | Lost status | Source of classification or shelving scheme | Damaged status | Not for loan | Collection code | Home library | Current library | Shelving location | Date acquired | SGTU | Total Checkouts | Full call number | Accession No. (Barcode) | Date last seen | Bill Date | Koha item type |
|---|---|---|---|---|---|---|---|---|---|---|---|---|---|---|---|---|
| Dewey Decimal Classification | Not For Loan | EDUCATION | SGT Engineering Library | SGT Engineering Library | On Display | 27/01/2025 | SGTU | 370,PRE | EDMD02 | 27/01/2025 | 27/01/2025 | Thesis/Dissertation |